| 000 | 00414nam a2200145Ia 4500 | ||
|---|---|---|---|
| 005 | 20250305004930.0 | ||
| 008 | 240331s9999 xx 000 0 und d | ||
| 082 |
_bYOG _23119 _a894.811 |
||
| 100 | _aYoganathan, S | ||
| 245 | 0 | _aThaniyaga Oruththi | |
| 260 |
_aMadras _bKumaran Publications _c1992 |
||
| 300 | _a192 p., | ||
| 500 | _aA novel about girls who undergo hardships while working at a factory. | ||
| 942 | _cL | ||
| 999 |
_c3789 _d3789 |
||